| 000 -ლიდერი |
| ფიქსირებული სიგრძის საკონტროლო ველი |
01121nam a22002057a 4500 |
| 003 - საკონტროლო ნომრის იდენტიფიკატორი |
| საკონტროლო ველი |
Ge_BSU |
| 005 - ბოლო ოპერაციის თარიღი და დრო |
| საკონტროლო ველი |
20230202112039.0 |
| 008 - ფიქსირებული სიგრძის მონაცემთა ელემენტები - ზოგადი ინფორმაცია |
| ფიქსირებული სიგრძის საკონტროლო ველი |
230202s2000 ge ||||| |||| 00| 0 geo d |
| 041 ## - ენის კოდი |
| Language code of text/sound track or separate title |
geo |
| 080 ## - უნივერსალური ათობითი კლასიფიკაციის ინდექსი |
| Universal Decimal Classification number |
349.41(479.22)(094.1)+332.32.025.88(479.22) ნ-86 |
| 245 ## - ცნობა სათაურის შესახებ |
| Title |
ნორმატიული აქტების კრებული მიწის კანონმდებლობისა და პრივატიზაციის შესახებ / |
| Statement of responsibility, etc |
საქ. ახალგ. იურისტთა ასოციაცია. |
| 264 ## - წარმოების, გამოცემის, დისტრიბუციის და სხვა ცნობები |
| გამოცემის, წარმოების, დისტრიბუციის... ადგილი |
თბილისი : |
| გამოცემის, წარმოების, დისტრიბუციის... სახელწოდება |
საია, |
| გამოცემის, წარმოების, დისტრიბუციის... თარიღი |
2000. |
| 300 ## - ფიზიკური აღწერა |
| Extent |
136 გვ. ; |
| Other physical details |
21 სმ. |
| 653 ## - INDEX TERM--UNCONTROLLED |
| Uncontrolled term |
საქართველოს მიწის კანონმდებლობა |
| 653 ## - INDEX TERM--UNCONTROLLED |
| Uncontrolled term |
მიწის პრივატიზაცია საქართველოში |
| 653 ## - INDEX TERM--UNCONTROLLED |
| Uncontrolled term |
მიწის რეგისტრაცია |
| 653 ## - INDEX TERM--UNCONTROLLED |
| Uncontrolled term |
მიწის გადასახადი |
| 653 ## - INDEX TERM--UNCONTROLLED |
| Uncontrolled term |
სასოფლო-სამეურნეო მიწის იჯარა |
| 942 ## - ADDED ENTRY ELEMENTS (KOHA) |
| Source of classification or shelving scheme |
|
| Koha item type |
წიგნი |